Rotterdam metro stations - Statistics

General Stats
  • This quiz has been taken 367 times
  • The average score is 40 of 71
Answer Stats
Answer % Correct
Beurs
94%
Blaak
91%
Rotterdam Centraal
91%
Den Haag Centraal
82%
Stadhuis
82%
Schiedam Centrum
79%
Slinge
78%
Zuidplein
78%
Kralingse Zoom
75%
De Akkers
74%
Leuvehaven
73%
Blijdorp
72%
Hoek van Holland Strand
72%
Maashaven
72%
Oostplein
72%
Wilhelminaplein
72%
Alexander
70%
Capelsebrug
69%
Rijnhaven
68%
Eendrachtsplein
67%
Marconiplein
67%
Coolhaven
66%
Dijkzigt
66%
Gerdesiaweg
65%
Delfshaven
64%
Nesselande
64%
Laan van NOI
62%
Voorschoterlaan
62%
De Terp
61%
Hoek van Holland Haven
61%
Pernis
59%
Rhoon
59%
Vlaardingen West
59%
Binnenhof
58%
Spijkenisse Centrum
58%
Vlaardingen Centrum
58%
Pijnacker Centrum
56%
Pijnacker Zuid
56%
Poortugaal
55%
Hoogvliet
54%
Vlaardingen Oost
54%
Rodenrijs
53%
Maassluis Centrum
51%
Capelle Centrum
50%
Maassluis West
50%
Nootdorp
50%
Schenkel
49%
Meijersplein
47%
Prinsenlaan
47%
Berkel Westpolder
46%
Graskruid
46%
Oosterflank
46%
Tussenwater
46%
Zalmplaat
44%
Schiedam Nieuwland
43%
Steendijkpolder
43%
Forepark
40%
Leidschendam-Voorburg
40%
Voorburg 't Loo
40%
Melanchthonweg
39%
Romeynshof
37%
Slotlaan
37%
Vijfsluizen
37%
Hesseplaats
35%
Leidschenveen
35%
Parkweg
35%
Troelstralaan
35%
De Tochten
33%
Heemraadlaan
32%
Ambachtsland
30%
Nieuw Verlaat
30%
No matching quizzes found
Score Distribution
Percent of People with Each Score
Percentile by Number Answered
Your Score History
You have not taken this quiz